Operational RNA code for amino acids and possible relationship to genetic code (Registro nro. 12664)

Detalles MARC
000 -CABECERA
Campo de control 006410000a22002050004500
090 ## - CLASIFICACIÓN LOCAL
Colección AR
Consecutivo 03616
041 0# - IDIOMA
Código de idioma para texto/pista de sonido o título separado
100 1# - ASIENTO PRINCIPAL--NOMBRE PERSONAL
Nombre personal Schimmel, Paul
245 10 - MENCION DE TITULO
Título Operational RNA code for amino acids and possible relationship to genetic code
650 14 - ASIENTO SECUNDARIO DE MATERIA - TERMINO TEMATICO
Término temático o nombre geográfico como elemento de entrada Análisis genético
650 14 - ASIENTO SECUNDARIO DE MATERIA - TERMINO TEMATICO
Término temático o nombre geográfico como elemento de entrada Biología molecular
650 14 - ASIENTO SECUNDARIO DE MATERIA - TERMINO TEMATICO
Término temático o nombre geográfico como elemento de entrada Evolución
650 14 - ASIENTO SECUNDARIO DE MATERIA - TERMINO TEMATICO
Término temático o nombre geográfico como elemento de entrada Biofísica
650 14 - ASIENTO SECUNDARIO DE MATERIA - TERMINO TEMATICO
Término temático o nombre geográfico como elemento de entrada Bioquímica
700 1# - ASIENTO SECUNDARIO - NOMBRE PERSONAL
Nombre personal Gieget, Richard
700 1# - ASIENTO SECUNDARIO - NOMBRE PERSONAL
Nombre personal Morast, Dino
700 1# - ASIENTO SECUNDARIO - NOMBRE PERSONAL
Nombre personal Yokoyamat, Shigeyuki
773 1# - Item fuente:
Título Proceedings Natl. Acad. Sci. USA
Paginas del Articulo 8763-8768
Lugar, editorial y fecha de publicación 1993
Información sobre la relación 90
942 ## - ELEMENTOS ADICIONALES (KOHA)
Tipo de ítem Artículo
Existencias
Withdrawn status Lost status Damaged status No para préstamo Colección Ubicación Permanente Ubicación actual Fecha de adquisición Fuente de Valor Datos de publicación Seriada Total Checkouts Número topográfico Inventario / Código de Barras Date last seen Price effective from Forma de adquisición Tipo de material
      No para Préstamo Hemeroteca Bogotá Bogotá 27/02/2015 Ospina, Fabiola Fuera de circulación   AR 03616 017173 25/03/2015 25/03/2015   Artículo